Fusiónes y Adquisiciones de Empresas (Registro nro. 322579)
[ vista simple ]
| 000 -ENCABEZADO | |
|---|---|
| Número de control [NR] | 01280nam a2200265Ia 4500 |
| 005 - FECHA Y HORA DE LA ÚLTIMA TRANSACCIÓN | |
| control field | 20240722113039.0 |
| 008 - DE LONGITUD FIJA DE DATOS DE ELEMENTOS - INFORMACIÓN GENERAL | |
| Elementos de longitud fija [NR] | 130821s2000 sp gr spa |
| 020 ## - NUMERO INTERNACIONAL NORMALIZADO PARA LIBROS [R] | |
| Número Internacional Normalizado del libro [NR] | 9788413975306 |
| 040 ## - FUENTE DE CATALOGACION [NR] | |
| Agencia de catalogación original [NR] | Co-BoUCM |
| Idioma de catalogación [NR] | spa |
| Quien Cataloga | David Moreno |
| Quien Clasifica | David Moreno |
| 041 00 - CODIGO DE IDIOMA [R] | |
| Código de idioma para texto/pista de sonido o título separado [R] | Español |
| 100 1# - ASIENTO PRINCIPAL--NOMBRE PERSONAL [NR] | |
| Nombre personal [NR] | Cuberos de las Casas, Felipe |
| ID Autoridad | 177417 |
| 245 10 - MENCION DE TITULO [NR] | |
| Título [NR] | Fusiónes y Adquisiciones de Empresas |
| Mención de responsabilidad, etc. [NR] | Felipe Cuberos de las Casas y Tomas José Acosta Álvarez |
| 260 ## - PUBLICACION, DISTRIBUCION, ETC. (PIE DE IMPRENTA) [R] | |
| Lugar de publicación, distribución, etc. [R] | Valencia (España) |
| Nombre del editor, distribuidor, etc. [R] | Tirant Lo Blanch |
| Fecha de publicación, distribución, etc. [R] | 2021 |
| 300 ## - DESCRIPCION FISICA [R] | |
| Extensión [R] | 690 Paginas |
| 650 04 - ASIENTO SECUNDARIO DE MATERIA - TERMINO TEMATICO [R] | |
| Término temático o nombre geográfico como elemento de entrada [NR] | Empresas |
| Subdivisión general [R] | Organización |
| -- | Integracion empresarial |
| 9 (RLIN) | 174859 |
| 650 04 - ASIENTO SECUNDARIO DE MATERIA - TERMINO TEMATICO [R] | |
| Término temático o nombre geográfico como elemento de entrada [NR] | Administración de empresas |
| 9 (RLIN) | 435 |
| Subdivisión geográfica [R] | Latinoamérica |
| Subdivisión general [R] | Reestructuracion corporativa |
| 650 04 - ASIENTO SECUNDARIO DE MATERIA - TERMINO TEMATICO [R] | |
| Término temático o nombre geográfico como elemento de entrada [NR] | Alianzas estratégicas (Negocios) |
| Subdivisión geográfica [R] | Latinoamérica |
| 9 (RLIN) | 177418 |
| Subdivisión general [R] | Leyes sobre fusiones |
| 650 04 - ASIENTO SECUNDARIO DE MATERIA - TERMINO TEMATICO [R] | |
| Término temático o nombre geográfico como elemento de entrada [NR] | Compañías consolidadas |
| 9 (RLIN) | 11236 |
| Subdivisión geográfica [R] | Latinoamérica |
| Subdivisión general [R] | Adquisiciones de empresas |
| 650 04 - ASIENTO SECUNDARIO DE MATERIA - TERMINO TEMATICO [R] | |
| Término temático o nombre geográfico como elemento de entrada [NR] | Oferta y demanda |
| 9 (RLIN) | 20709 |
| Subdivisión geográfica [R] | Latinoamérica |
| Subdivisión general [R] | Derecho corporativo |
| 650 04 - ASIENTO SECUNDARIO DE MATERIA - TERMINO TEMATICO [R] | |
| Término temático o nombre geográfico como elemento de entrada [NR] | Organización industrial |
| 9 (RLIN) | 20855 |
| Subdivisión geográfica [R] | Latinoamérica |
| Subdivisión general [R] | Fusiones y adquisiciones |
| 650 04 - ASIENTO SECUNDARIO DE MATERIA - TERMINO TEMATICO [R] | |
| Término temático o nombre geográfico como elemento de entrada [NR] | Planificación estratégica |
| 9 (RLIN) | 21662 |
| Subdivisión geográfica [R] | Latinoamérica |
| Subdivisión general [R] | Legislacion empresarial |
| 700 ## - ASIENTO SECUNDARIO - NOMBRE PERSONAL [R] | |
| Nombre personal [NR] | Acosta Álvarez, Tomas José |
| 9 (RLIN) | 177419 |
| 942 ## - ELEMENTOS DE ENTRADA AGREGADOS (KOHA) | |
| Tipo de ítem principal el descrito en 300a | Libro |
| Tema principal | Derecho |
| Edición | 1 |
| Parte restante de la signatura top. | F315f |
| Sistema de clasificación | DEWEY |
| Clasificación | 346.06626 |
| Título oculto en OPAC | No |
| Fecha de último préstamo | Total préstamos | Total Renewals | Signatura topográfica | Código de barras | Última vez visto | Ejemplar | Price effective from | Tipo de ítem | Perdido | Sistema de clasificación | Dañado | No prestable | Tipo de ítem específico | Suprimido | Ubicación habitual | Ubicación actual | Localización | Fecha de creación | Forma de adquisición | Costo |
|---|---|---|---|---|---|---|---|---|---|---|---|---|---|---|---|---|---|---|---|---|
| 27/09/2024 | 4 | 5 | 346.06626 F315f | 100171283 | 09/12/2025 | Ej.1 | 08/05/2023 | Libro | DEWEY | Libro | Claustro | Claustro | 3er piso | 08/05/2023 | Compra | 240999.00 |